000
00288nam a22001337a 4500
008
181217b xxu||||| |||| 00| 0 eng d
020
_a
9780393974775
041
_a
eng
080
_2
2nd
_a
C
100
_a
11
101
_a
BIO
245
_a
How Humans Evolved
_c
Boyd,R
942
_2
udc
_c
BK
999
_c
53169
_d
53169